000 00961nam a22002177a 4500
003 BUBTL
008 211201b ||||| |||| 00| 0 eng d
020 _a9789849270782
082 _a954.92/ Sa191b/ 2016
100 _94433
_aসাহা, অসীম
245 _aবঙ্গবন্ধুর ৬ দফা বাঙালির মুক্তি /
_cঅসীম সাহা, মিলন সব্যসাচী
250 _a1st Edn
260 _aঢাকা:
_bবাঙালি,
_cc2016
300 _a207 p.:
_c22 cm.
505 _aবঙ্গবন্ধুর ৬ দফা বাঙালির মুক্তি, বঙ্গবন্ধু, বাঙালি, অসীম সাহা, মিলন সব্যসাচী
650 0 _93574
_aবঙ্গবন্ধু
700 _94434
_aসব্যসাচী, মিলন
856 _k0
_l0
_yDownload
942 _2ddc
_cBK
999 _c6590
_d6590